000 00405nab a22001097u 4500
008 130520b2008 xxu||||| |||| 00| 0 fre d
041 _afre
100 1 _aBalaban, Oded
_957378
245 0 0 _aLe rejet de la connaissance de la connaissance, la thèse centrale du Charmide de Platon
_cOded Balaban
773 0 _tRevue Philosophique de Louvain
_gV.106, nº4,2008,págs. 663-693
_x0035-3841
_wRev378
942 _cAR
999 _c322180
_d322180